Music Quiz

Random Music or Artist Quiz

Top Ten Artists of the 2000s Quiz Stats

 Plays Quiz Updated Aug 26, 2015

Score 0/100 Timer 10:00
0 Plays Today
Year Artist % Correct
2003Beyoncé
95.6%
2006Beyoncé
95.2%
2007Beyoncé
95.1%
2009Beyoncé
95.1%
2009Lady Gaga
91.3%
2009Lady Gaga
91.3%
2009The Black Eyed Peas
87.1%
2009The Black Eyed Peas
87.1%
2007Rihanna
85.3%
2006Justin Timberlake
85.1%
2001Eve
83.2%
2007Gwen Stefani
82.9%
2005Gwen Stefani
81.9%
2005Kelly Clarkson
81.6%
2005Kelly Clarkson
81.6%
2006Shakira
81.3%
2005Kanye West
79.8%
2009Kanye West
78.8%
2004Usher
78.3%
2004OutKast
77.1%
2008Usher
77%
2002Usher
76.9%
2004Usher
76.9%
2005Green Day
75.9%
200550 Cent
75.6%
200350 Cent
75.6%
2004OutKast
75.4%
2002Nelly
75.4%
2002Nelly
75%
2007Fergie
72.8%
2000Destiny's Child
72.4%
2001Destiny's Child
72.4%
2007Fergie
71.2%
2009Taylor Swift
68.7%
Year Artist % Correct
2003R. Kelly
66.3%
2008Flo Rida
64.8%
2001Train
64.7%
2009Flo Rida
62.8%
2005The Pussycat Dolls
62.6%
2001Alicia Keys
62.4%
2004Alicia Keys
62.4%
2008Alicia Keys
62.4%
2000Santana
61.6%
2007Plain White T's
61.3%
2006Nelly Furtado
59.5%
2000Santana
58%
2002Nickelback
57.9%
2007Carrie Underwood
56.8%
2008Jordin Sparks
55.8%
2008Leona Lewis
55.5%
2004Maroon 5
54.6%
2009Jason Mraz
54.3%
2008Timbaland
53%
2007Nelly Furtado
53%
2006James Blunt
51.6%
2005Mariah Carey
48.8%
2003Evanescence
46.9%
2005Ciara
46.4%
2002Vanessa Carlton
43.8%
2008Chris Brown
43.8%
2008Chris Brown
43.8%
2004Ciara
43.2%
2008Lil Wayne
42.8%
2006Daniel Powter
42.8%
2009The All-American Rejects
41.6%
2006Natasha Bedingfield
41%
2002Linkin Park
40.8%
2004Hoobastank
39.7%
Year Artist % Correct
2003Sean Paul
38.4%
2006Sean Paul
38.4%
2000Matchbox Twenty
36.8%
2001Matchbox Twenty
36.8%
2001Jennifer Lopez
35.2%
2001Lifehouse
34.3%
2006Gnarls Barkley
33.1%
2002Fat Joe
32.1%
2007T-Pain
31.7%
2000Faith Hill
30.8%
2001Janet Jackson
28.5%
2003Matchbox Twenty
27.5%
2003Chingy
27.2%
2007Akon
26.9%
2006Chamillionaire
25.7%
2000Lonestar
25.6%
2003Kid Rock
22.4%
2001Dido
22.3%
2008Sara Bareilles
21.7%
2005Mario
21.7%
2002Ashanti
20.1%
2000Savage Garden
18.6%
2002The Calling
18.4%
2002Puddle of Mudd
16.5%
20033 Doors Down
14%
2004Mario Winans
14%
2000Vertical Horizon
13.9%
2000Toni Braxton
13.9%
2004Terror Squad
13.3%
2000Joe
11.3%
2003Aaliyah
7.7%
2001Lenny Kravitz
5.3%

You're not logged in!

Compare scores with friends on all Sporcle quizzes.
OR
Log In

Show Comments

Extras

Top Quizzes Today


Score Distribution

Your Account Isn't Verified!

In order to create a playlist on Sporcle, you need to verify the email address you used during registration. Go to your Sporcle Settings to finish the process.

Report this User

Report this user for behavior that violates our Community Guidelines.

Details: